| 000 | 01368nam a2200241Ia 4500 | ||
|---|---|---|---|
| 008 | 0000001991 usad 0000000000eng00 | ||
| 020 | _a897970721 | ||
| 090 | _aPSP00 M15m1 | ||
| 245 | 1 | 0 |
_aManolo Valdes _b: recent work _c/ photography by John Lamka and Aida Robert E. Mates |
| 300 |
_a51 p. _c/ 29 cm. |
||
| 500 | _aExposición realizada en Marlborough Gallery, mayo 22 a junio 21 de 1991 \ Incluye datos biográficos del artista \ Registro auspiciado por la FGAA. Bogotá | ||
| 501 | _aThe hunter gets captured / Dan Cameron | ||
| 505 | _aOBRAS : Retrato con marco Antonio del Pollaiulo Marie de Borgogne Retrato Caballero Retrato de un joven Madonna con fondo azul Francesco d'Este Portrait of Henry VIII Retrato de una dama Abanico Retrato de Infanta Margarita Francois Clouet Eva Retrato de Jane Seymour Portrait of young woman La infanta Margarita Mickey Mouse IV Mickey con pantalon rojo Composition La chica con pelota | ||
| 600 | 0 | 0 |
_aVALDES, MANOLO, 1942/ _xTRABAJOS PICTORICOS |
| 650 | 1 | 4 | _aARTE CONTEMPORANEO ESPAÑOL |
| 650 | 1 | 4 | _aARTISTAS PLASTICOS ESPAÑOLES EXPOSIONES |
| 650 | 1 | 4 | _xCATALOGOS |
| 650 | 1 | 4 | _xEXPOSICIONES |
| 650 | 1 | 4 | _aPINTURA AL OLEO |
| 650 | 1 | 4 | _aPINTURA ESPAÑOLA |
| 700 | 1 | _aLamka, John \ Mates, Aida Robert E. \ Cameron, Dan | |
| 999 |
_c10905 _d10905 |
||
| 260 |
_aNew York : Marlborough Gallery _c1991 |
||